000 01316nam a22003017a 4500
003 DO-SdBPM
005 20251027134830.0
007 ta
008 210903b 2017 dr |||| 00| 0 spa d
020 _a9789945168259
040 _aDO-SdBPM
_bSpa
_cBPMSU
_erda
082 4 _a158.1
_bA696a 2017
_222
100 1 _aArias Hidalgo, Esteban /
_d1972 -
_eautor
245 1 0 _aAtrapa tu momento /
_cEteban Arias Hidalgo.
264 _aSantos Domingo :
_bEditora Búho ,
_c2017.
300 _a80 páginas ;
_c22 cm.
336 _atexto
_btxt
_2rdacontent
337 _asin mediación
_bn
_2rdamedia
338 _avolumen
_bnc
_2rdacarrier
500 _aIncluyes datos Bibliográficos del autor en la contracubierta
505 0 _aDedicatoria, ix.--Reconocimiento, xi.--Introducción, xiii.--I. Atrapa tu momento, 1.--II. El que el viento observa, no sembrará, 13.--III. El poder dela siembra, 23.--IV. El valor de l tiempo, 31.--V. Actitud de compromiso, 41.--VI. Solo puedes actuar en el presente, 49.-- VII. Perseverancia, 55.--VIII. Cuida tu buen nombre, 67.--IX. Deja un legado a tu generación, 73.
590 _aInventariado, 2025/VM
650 7 _a Éxito
650 7 _aAutorrealización (Psicología)
650 7 _a Psicología aplicada.
910 _aVMateo V. Control de calidad. BPMSU
942 _2ddc
_cBK
999 _c13712
_d13712